| 000 | 00640nam a2200205Ia 4500 | ||
|---|---|---|---|
| 003 | GCL | ||
| 008 | 140319s9999 xx 000 0 ara d | ||
| 040 |
_aGCL / _cGCL |
||
| 082 | 0 | 4 |
_a740 _bا ت |
| 100 | 1 | _aاسامة النحاس | |
| 245 | 1 | 0 |
_aالتصميمات الزخرفية الملونة / _cاسامة النحاس |
| 260 |
_aالقاهرة : _bدار حراء |
||
| 300 |
_a20 ص ؛ _c27 سم |
||
| 650 | 0 | 4 | _aالفن |
| 650 | 0 | 4 | _aالفن الزخرفى |
| 650 | 0 | 4 | _aالتصميم الزخرفى |
| 650 | 0 | 4 | _aالفنون والحرف |
| 650 | 0 | 4 | _aالتصميم الزخرفى - الالوان |
| 942 |
_2ddc _cBK |
||
| 999 |
_c32575 _d32575 |
||